000 01023naa a22003137a 4500
001 BR8104437
003 BR-BrBNA
005 20240918174756.0
007 ta
008 230509b bl.||||| |||| 00| 0 por d
040 _aBR-BrBNA
_bpor
_cBiblioteca Nacional de Agricultura
041 _a(Pt)
072 _aF00; F60
_b0180
_b3575
090 _aF00 BR8104437
100 1 _aVilela, E. de A.
100 1 _aSilveira, J.F. da
245 1 _aInfluencia da epoca de plantio na qualidade fisiologica da semente de trigo (Triticum aestivum L.)
260 3 _aBelo Horizonte, MG (Brasil):
_c1981.
500 _aProjeto trigo. Relatorio 77/78 Belo Horizonte, MG (Brasil): 1981. p. 95-98 (BR8104437-AM)F00
650 _aTRIGO
650 _aSEMENTE
650 _aPLANTIO
650 _aCOLHEITA
650 _aARMAZENAMENTO
650 _aGERMINACAO
773 0 _tProjeto trigo. Relatorio 77/78
_wF00 BR8104437
_gBelo Horizonte, MG (Brasil), 1981. p. 95-98
909 _a202404
_bLucia
_c55
_dLucia Elande
942 _cAM
_2AGRIS
999 _c313506
_d313506